Génové manipulácie v potravinárstve

Bibliographic Details
Main Author: DM (apd)
Format: Article
Language:Slovak
ISSN:1335-2008
Subjects:

MARC

LEADER 00000nab a2200000 a 4500
001 vtls000816735
003 SK-MaSNL
005 20260302151854.0
008 180206c2001 xo 0 slo
015 |a SNBRB2002/12-39076 
035 |a CLN000168390 
040 |a SNKBUCL  |b slo  |c SNKBUCL  |e AACR2 
041 0 |a slo 
044 |a xo  |c SK 
080 |a 614.31:573.6  |2 UDC-MRF-SK2 
080 |a 613.26:573.6  |2 UDC-MRF-SK2 
080 |a 663/664:573.6  |2 UDC-MRF-SK2 
080 |a 573.6  |2 UDC-MRF-SK2 
080 |a 631.52  |2 UDC-MRF-SK2 
100 0 |a DM  |4 apd  |9 844184 
245 1 0 |a Génové manipulácie v potravinárstve  |c spracovala dm 
650 0 7 |a potraviny modifikované geneticky  |x označovanie povinné  |z Slovensko  |2 snkbucl  |9 844185 
650 0 7 |a manipulácie génové  |2 snkbucl  |9 844186 
655 7 |a články z novín a časopisov  |2 snkbucl  |9 267496 
773 0 |x 1335-2008  |t Obchod  |g Roč. 6, január (2001), s. 21 
850 |a Slovenská národná knižnica v Martine 
852 |a SNK  |b KIS3GCP 
958 |a RBX 
999 |c 1361049  |d 1362979